[Event "25th Abu Dhabi Master 2018"]
[Site "Abu Dhabi"]
[Date "2018.08.08"]
[Round "2"]
[White "Pranavananda, V."]
[Black "Sindarov, Javokhir"]
[Result "0-1"]
[WhiteElo "2232"]
[BlackElo "2488"]
[Annotator "ChessBase"]
[PlyCount "76"]
[EventDate "2018.08.05"]
[EventType "swiss"]
[EventCountry "UAE"]
[SourceTitle "playchess.com"]
[Source "ChessBase"]
[SourceQuality "1"]
[TimeControl "5400+30"]

1. d4 {[%emt 0:01:11]} Nf6 {[%emt 0:00:00]} 2. c4 {[%emt 0:00:17]} g6 {[%emt 0:00:04]} 3. Nc3 {[%emt 0:00:49]} Bg7 {[%emt 0:00:06]} 4. e4 {[%emt 0:00:03]} d6 {[%emt 0:00:04]} 5. f3 {[%emt 0:01:16]} O-O {[%emt 0:00:59]} 6. Be3 {[%emt 0:00:03]} b6 {[%emt 0:00:33]} 7. Bd3 {[%emt 0:02:51]} a6 {[%emt 0:00:31]} 8. Nge2 {[%emt 0:00:40]} c5 {[%emt 0:01:17]} 9. e5 {[%emt 0:02:29]} dxe5 {[%emt 0:01:12]} 10. dxe5 {[%emt 0:00:04]} Nfd7 {[%emt 0:00:16]} 11. Be4 {[%emt 0:08:16]} Ra7 {[%emt 0:00:04]} 12. f4 {[%emt 0:00:04]} e6 {[%emt 0:18:53]} 13. h4 {[%emt 0:09:37]} f5 {[%emt 0:02:51]} 14. Bf3 {[%emt 0:07:37]} h5 {[%emt 0:00:27]} 15. Ng1 {[%emt 0:30:08]} Qe7 {[%emt 0:09:01]} 16. Nh3 {[%emt 0:08:11]} Rd8 {[%emt 0:01:11]} 17. Qe2 {[%emt 0:01:36]} Qxh4+ {[%emt 0:05:28]} 18. Bf2 {[%emt 0:06:54]} Qe7 {[%emt 0:00:16]} 19. Ng1 {[%emt 0:00:24]} Bh6 {[%emt 0:19:18]} 20. Bh4 {[%emt 0:04:59]} g5 {[%emt 0:00:14]} 21. Bf2 {[%emt 0:06:01]} Qg7 {[%emt 0:03:01]} 22. Rxh5 {[%emt 0:04:19]} g4 {[%emt 0:23:57]} 23. Bh4 {[%emt 0:00:02]} Bxf4 {[%emt 0:00:53]} 24. Bxd8 {[%emt 0:00:23]} Qg6 {[%emt 0:00:05]} 25. Rh1 {[%emt 0:02:05]} gxf3 {[%emt 0:00:48]} 26. Nxf3 {[%emt 0:00:18]} Nc6 {[%emt 0:00:15]} 27. Bh4 {[%emt 0:02:00]} Nd4 {[%emt 0:00:07]} 28. Nxd4 {[%emt 0:00:42]} cxd4 {[%emt 0:00:04]} 29. Nd1 {[%emt 0:00:23]} Nxe5 {[%emt 0:00:30]} 30. g3 {[%emt 0:00:40]} d3 {[%emt 0:02:47]} 31. Qf2 {[%emt 0:00:03]} Bh6 {[%emt 0:00:45]} 32. Qxb6 {[%emt 0:00:23]} Qg4 {[%emt 0:00:13]} 33. Qd8+ {[%emt 0:00:59]} Kh7 {[%emt 0:00:04]} 34. Nc3 {[%emt 0:00:28]} d2+ {[%emt 0:00:18]} 35. Kf1 {[%emt 0:00:29]} Qf3+ {[%emt 0:00:04]} 36. Kg1 {[%emt 0:00:01]} Ng4 {[%emt 0:00:42]} 37. Nd1 {[%emt 0:00:29]} Be3+ {[%emt 0:00:06]} 38. Nxe3 {[%emt 0:00:05]} Qf2# {[%emt 0:00:00]} 0-1

[Event "25th Abu Dhabi Master 2018"]
[Site "Abu Dhabi"]
[Date "2018.08.08"]
[Round "2"]
[White "Vantika, Agrawal"]
[Black "Wagh, Suyog"]
[Result "0-1"]
[WhiteElo "2225"]
[BlackElo "2356"]
[Annotator "NA"]
[PlyCount "156"]
[EventDate "2018.08.05"]
[EventType "swiss"]
[EventCountry "UAE"]
[SourceTitle "playchess.com"]
[Source "ChessBase"]
[SourceQuality "1"]
[TimeControl "5400+30"]

1. d4 {[%emt 0:00:01]} d5 {[%emt 0:00:20]} 2. c4 {[%emt 0:00:12]} c6 {[%emt 0:00:04]} 3. Nf3 {[%emt 0:00:20]} Nf6 {[%emt 0:00:09]} 4. e3 {[%emt 0:00:08]} a6 {[%emt 0:01:37]} 5. Bd3 {[%emt 0:06:15]} Bg4 {[%emt 0:00:32]} 6. Nbd2 {[%emt 0:02:07]} e6 {[%emt 0:05:10]} 7. b3 {[%emt 0:13:46]} Nbd7 {[%emt 0:00:49]} 8. Qc2 {[%emt 0:07:34]} Bd6 {[%emt 0:00:46]} 9. Bb2 {[%emt 0:00:42]} Qb8 {[%emt 0:01:25]} 10. O-O {[%emt 0:09:32]} Bh5 {[%emt 0:02:31]} 11. h3 {[%emt 0:03:36]} O-O {[%emt 0:01:26]} 12. Ng5 {[%emt 0:01:18]} Bg6 {[%emt 0:02:14]} 13. Bxg6 {[%emt 0:04:38]} hxg6 {[%emt 0:00:06]} 14. e4 {[%emt 0:05:35]} Bh2+ {[%emt 0:12:22]} 15. Kh1 {[%emt 0:04:26]} Bf4 {[%emt 0:00:52]} 16. Ndf3 {[%emt 0:01:49]} Bxg5 {[%emt 0:06:09]} 17. Nxg5 {[%emt 0:00:37]} Nxe4 {[%emt 0:01:56]} 18. Nxe4 {[%emt 0:00:17]} dxe4 {[%emt 0:00:04]} 19. Qxe4 {[%emt 0:00:05]} Re8 {[%emt 0:15:27]} 20. Rfd1 {[%emt 0:10:41]} Qd6 {[%emt 0:02:07]} 21. a4 {[%emt 0:11:02]} a5 {[%emt 0:03:03]} 22. Qe3 {[%emt 0:11:20]} Qc7 {[%emt 0:04:51]} 23. Ba3 {[%emt 0:02:40]} Rad8 {[%emt 0:01:09]} 24. Rac1 {[%emt 0:00:33]} Qb6 {[%emt 0:05:39]} 25. Bd6 {[%emt 0:01:36]} Nf6 {[%emt 0:00:35]} 26. Be5 {[%emt 0:01:35]} Rd7 {[%emt 0:00:18]} 27. Qf3 {[%emt 0:00:25]} Nh7 {[%emt 0:02:21]} 28. h4 {[%emt 0:00:37]} Qd8 {[%emt 0:01:17]} 29. Qg4 {[%emt 0:00:18]} Nf6 {[%emt 0:02:43]} 30. Qf4 {[%emt 0:00:39]} Nh5 {[%emt 0:00:43]} 31. Qg4 {[%emt 0:00:12]} Kh7 {[%emt 0:00:11]} 32. Rc3 {[%emt 0:00:44]} f6 {[%emt 0:00:39]} 33. Bh2 {[%emt 0:00:32]} f5 {[%emt 0:03:30]} 34. Qh3 {[%emt 0:00:35]} Rxd4 {[%emt 0:00:36]} 35. Rcd3 {[%emt 0:00:28]} Rxd3 {[%emt 0:00:41]} 36. Rxd3 {[%emt 0:00:23]} Qf6 {[%emt 0:00:09]} 37. Qf3 {[%emt 0:00:37]} Qxh4 {[%emt 0:03:07]} 38. Kg1 {[%emt 0:00:11]} Qe7 {[%emt 0:05:43]} 39. Bd6 {[%emt 0:00:40]} Qf7 {[%emt 0:00:09]} 40. Be5 {[%emt 0:00:30]} Nf6 {[%emt 0:00:11]} 41. Qh3+ {[%emt 0:00:40]} Kg8 {[%emt 0:00:10]} 42. Qh4 {[%emt 0:00:26]} Nh5 {[%emt 0:04:29]} 43. f4 {[%emt 0:00:35]} Qe7 {[%emt 0:02:59]} 44. Qxe7 {[%emt 0:00:20]} Rxe7 {[%emt 0:00:01]} 45. Rd8+ {[%emt 0:00:20]} Kh7 {[%emt 0:00:09]} 46. Ra8 {[%emt 0:00:46]} g5 {[%emt 0:01:02]} 47. fxg5 {[%emt 0:00:31]} Kg6 {[%emt 0:00:07]} 48. Rxa5 {[%emt 0:00:34]} Kxg5 {[%emt 0:01:17]} 49. Bd6 {[%emt 0:00:29]} Rd7 {[%emt 0:00:15]} 50. c5 {[%emt 0:00:13]} Nf6 {[%emt 0:04:34]} 51. Ra7 {[%emt 0:00:11]} Nd5 {[%emt 0:00:19]} 52. Kf2 {[%emt 0:00:46]} Nb4 {[%emt 0:02:25]} 53. Ra8 {[%emt 0:00:48]} e5 {[%emt 0:00:44]} 54. Ke3 {[%emt 0:00:29]} e4 {[%emt 0:00:21]} 55. Kd4 {[%emt 0:00:25]} Kg4 {[%emt 0:00:46]} 56. Kc4 {[%emt 0:00:38]} Nd5 {[%emt 0:00:39]} 57. g3 {[%emt 0:00:29]} Kf3 {[%emt 0:00:43]} 58. Re8 {[%emt 0:00:26]} g5 {[%emt 0:01:21]} 59. b4 {[%emt 0:00:23]} e3 {[%emt 0:01:05]} 60. b5 {[%emt 0:00:20]} Kf2 {[%emt 0:00:56]} 61. Kd3 {[%emt 0:00:41]} f4 {[%emt 0:00:12]} 62. gxf4 {[%emt 0:00:28]} gxf4 {[%emt 0:01:10]} 63. Rh8 {[%emt 0:00:42]} f3 {[%emt 0:00:26]} 64. a5 {[%emt 0:00:31]} cxb5 {[%emt 0:00:46]} 65. Rh2+ {[%emt 0:00:29]} Kg1 {[%emt 0:00:08]} 66. Rh6 {[%emt 0:00:30]} f2 {[%emt 0:00:49]} 67. Rg6+ {[%emt 0:00:17]} Kf1 {[%emt 0:00:09]} 68. Rh6 {[%emt 0:00:44]} Kg1 {[%emt 0:01:03]} 69. Rg6+ {[%emt 0:00:20]} Kf1 {[%emt 0:00:01]} 70. Rh6 {[%emt 0:00:39]} Rg7 {[%emt 0:00:17]} 71. c6 {[%emt 0:00:32]} Kg1 {[%emt 0:00:50]} 72. Bh2+ {[%emt 0:00:30]} Kg2 {[%emt 0:00:07]} 73. cxb7 {[%emt 0:00:30]} f1=Q+ {[%emt 0:00:05]} 74. Ke4 {[%emt 0:00:29]} Qc4+ {[%emt 0:00:14]} 75. Ke5 {[%emt 0:00:28]} Rxb7 {[%emt 0:00:08]} 76. a6 {[%emt 0:00:31]} Re7+ {[%emt 0:00:13]} 77. Kd6 {[%emt 0:00:09]} Qc7+ {[%emt 0:00:05]} 78. Kxd5 {[%emt 0:00:08]} Qxh2 {[%emt 0:00:04]} 0-1

[Event "25th Abu Dhabi Master 2018"]
[Site "Abu Dhabi"]
[Date "2018.08.08"]
[Round "2"]
[White "Sharma, Dushyant"]
[Black "Tokhirjonova, Gulrukhbegim"]
[Result "1-0"]
[WhiteElo "2221"]
[BlackElo "2350"]
[Annotator "NA"]
[PlyCount "99"]
[EventDate "2018.08.05"]
[EventType "swiss"]
[EventCountry "UAE"]
[SourceTitle "playchess.com"]
[Source "ChessBase"]
[SourceQuality "1"]
[TimeControl "5400+30"]

1. d4 {[%emt 0:00:00]} Nf6 {[%emt 0:00:00]} 2. Bf4 {[%emt 0:00:20]} d5 {[%emt 0:00:55]} 3. e3 {[%emt 0:01:29]} e6 {[%emt 0:01:01]} 4. Nf3 {[%emt 0:03:22]} c5 {[%emt 0:00:37]} 5. c3 {[%emt 0:00:16]} Nc6 {[%emt 0:00:35]} 6. Nbd2 {[%emt 0:00:16]} Be7 {[%emt 0:00:24]} 7. Ne5 {[%emt 0:01:31]} O-O {[%emt 0:03:55]} 8. Bd3 {[%emt 0:01:12]} Nd7 {[%emt 0:06:59]} 9. Bg3 {[%emt 0:05:21]} Ndxe5 {[%emt 0:04:06]} 10. dxe5 {[%emt 0:02:31]} a6 {[%emt 0:03:13]} 11. Nf3 {[%emt 0:13:22]} b5 {[%emt 0:01:34]} 12. h4 {[%emt 0:01:10]} h6 {[%emt 0:20:45]} 13. Bc2 {[%emt 0:14:58]} c4 {[%emt 0:02:47]} 14. Bb1 {[%emt 0:04:41]} f5 {[%emt 0:03:14]} 15. exf6 {[%emt 0:14:11]} Bxf6 {[%emt 0:00:33]} 16. Qc2 {[%emt 0:01:29]} e5 {[%emt 0:03:04]} 17. Qh7+ {[%emt 0:23:12]} Kf7 {[%emt 0:00:44]} 18. Qg6+ {[%emt 0:00:09]} Ke7 {[%emt 0:01:43]} 19. Qh5 {[%emt 0:02:26]} Qd6 {[%emt 0:29:05]} 20. Bg6 {[%emt 0:00:59]} Qe6 {[%emt 0:02:22]} 21. Rd1 {[%emt 0:05:06]} Rd8 {[%emt 0:04:26]} 22. e4 {[%emt 0:01:31]} Kf8 {[%emt 0:04:46]} 23. O-O {[%emt 0:00:44]} d4 {[%emt 0:03:50]} 24. cxd4 {[%emt 0:00:41]} exd4 {[%emt 0:00:02]} 25. e5 {[%emt 0:00:50]} Be7 {[%emt 0:00:06]} 26. Ng5 {[%emt 0:00:40]} Bxg5 {[%emt 0:01:41]} 27. hxg5 {[%emt 0:00:06]} Qg4 {[%emt 0:00:50]} 28. gxh6 {[%emt 0:00:36]} Qxh5 {[%emt 0:00:00]} 29. hxg7+ {[%emt 0:00:02]} Kxg7 {[%emt 0:00:00]} 30. Bxh5 {[%emt 0:00:05]} d3 {[%emt 0:00:09]} 31. Bh4 {[%emt 0:01:05]} Rf8 {[%emt 0:00:35]} 32. f4 {[%emt 0:00:16]} Nd4 {[%emt 0:01:14]} 33. Bf6+ {[%emt 0:01:17]} Kh6 {[%emt 0:00:36]} 34. g4 {[%emt 0:00:11]} Rg8 {[%emt 0:00:35]} 35. Kf2 {[%emt 0:00:38]} Bxg4 {[%emt 0:00:27]} 36. Bf7 {[%emt 0:00:33]} Bh3 {[%emt 0:00:35]} 37. Rh1 {[%emt 0:00:41]} Rg2+ {[%emt 0:00:03]} 38. Ke3 {[%emt 0:00:25]} Nf5+ {[%emt 0:00:39]} 39. Ke4 {[%emt 0:00:34]} Re2+ {[%emt 0:00:13]} 40. Kd5 {[%emt 0:00:28]} Re3 {[%emt 0:00:17]} 41. Be6 {[%emt 0:00:20]} Kg6 {[%emt 0:01:19]} 42. Rdg1+ {[%emt 0:00:23]} Rg3 {[%emt 0:00:25]} 43. Bxf5+ {[%emt 0:00:35]} Kxf5 {[%emt 0:00:02]} 44. Rxg3 {[%emt 0:00:08]} Bg4 {[%emt 0:00:00]} 45. Rxg4 {[%emt 0:01:08]} Kxg4 {[%emt 0:00:02]} 46. Ke4 {[%emt 0:00:20]} Kg3 {[%emt 0:00:12]} 47. Ke3 {[%emt 0:00:21]} Kg4 {[%emt 0:00:47]} 48. Rh8 {[%emt 0:00:42]} Ra7 {[%emt 0:00:05]} 49. e6 {[%emt 0:00:16]} Kf5 {[%emt 0:00:18]} 50. e7 {[%emt 0:00:18]} 1-0

[Event "25th Abu Dhabi Master 2018"]
[Site "Abu Dhabi"]
[Date "2018.08.08"]
[Round "2"]
[White "Adnan, Habib Hana"]
[Black "Zuo, Yifan"]
[Result "0-1"]
[WhiteElo "2220"]
[BlackElo "2334"]
[Annotator "NA"]
[PlyCount "94"]
[EventDate "2018.08.05"]
[EventType "swiss"]
[EventCountry "UAE"]
[SourceTitle "playchess.com"]
[Source "ChessBase"]
[SourceQuality "1"]
[TimeControl "5400+30"]

1. d4 {[%emt 0:00:11]} Nf6 {[%emt 0:00:00]} 2. Nf3 {[%emt 0:00:12]} e6 {[%emt 0:00:45]} 3. Bf4 {[%emt 0:00:21]} c5 {[%emt 0:00:46]} 4. e3 {[%emt 0:00:06]} b6 {[%emt 0:00:23]} 5. Nbd2 {[%emt 0:00:08]} Bb7 {[%emt 0:00:10]} 6. Nc4 {[%emt 0:00:12]} cxd4 {[%emt 0:07:03]} 7. Qxd4 {[%emt 0:12:02]} Nc6 {[%emt 0:17:20]} 8. Nd6+ {[%emt 0:09:04]} Bxd6 {[%emt 0:00:22]} 9. Qxd6 {[%emt 0:00:07]} Ne4 {[%emt 0:02:04]} 10. Qd3 {[%emt 0:08:44]} d5 {[%emt 0:02:21]} 11. Be2 {[%emt 0:06:49]} O-O {[%emt 0:01:40]} 12. O-O {[%emt 0:01:04]} Qf6 {[%emt 0:01:21]} 13. c4 {[%emt 0:08:50]} Qxb2 {[%emt 0:07:10]} 14. cxd5 {[%emt 0:05:34]} exd5 {[%emt 0:00:25]} 15. Rfb1 {[%emt 0:05:31]} Qf6 {[%emt 0:01:04]} 16. Rc1 {[%emt 0:01:29]} Rad8 {[%emt 0:04:57]} 17. Rab1 {[%emt 0:01:17]} h6 {[%emt 0:01:06]} 18. h3 {[%emt 0:05:13]} Ba8 {[%emt 0:02:20]} 19. Qc2 {[%emt 0:02:28]} Nc5 {[%emt 0:04:32]} 20. Bc7 {[%emt 0:02:52]} Rc8 {[%emt 0:01:04]} 21. Bh2 {[%emt 0:02:13]} d4 {[%emt 0:01:51]} 22. e4 {[%emt 0:02:48]} Qe6 {[%emt 0:05:36]} 23. e5 {[%emt 0:02:55]} d3 {[%emt 0:09:35]} 24. Bxd3 {[%emt 0:01:12]} Nxd3 {[%emt 0:02:05]} 25. Qxd3 {[%emt 0:00:07]} Nb4 {[%emt 0:00:21]} 26. Qb3 {[%emt 0:01:04]} Nxa2 {[%emt 0:04:02]} 27. Rxc8 {[%emt 0:01:13]} Rxc8 {[%emt 0:00:25]} 28. Qxe6 {[%emt 0:00:53]} fxe6 {[%emt 0:00:03]} 29. Nd4 {[%emt 0:00:05]} Bd5 {[%emt 0:00:58]} 30. Bf4 {[%emt 0:00:39]} Nc3 {[%emt 0:02:38]} 31. Rc1 {[%emt 0:00:38]} Rc4 {[%emt 0:00:18]} 32. Bd2 {[%emt 0:00:13]} Rxd4 {[%emt 0:01:35]} 33. Bxc3 {[%emt 0:00:06]} Rc4 {[%emt 0:00:05]} 34. Bb2 {[%emt 0:00:59]} Rxc1+ {[%emt 0:00:28]} 35. Bxc1 {[%emt 0:00:04]} Kf7 {[%emt 0:00:14]} 36. f4 {[%emt 0:00:45]} Ke8 {[%emt 0:00:36]} 37. Kf2 {[%emt 0:00:14]} Kd7 {[%emt 0:00:19]} 38. g4 {[%emt 0:00:31]} Be4 {[%emt 0:01:28]} 39. Ke3 {[%emt 0:00:12]} Bg2 {[%emt 0:00:09]} 40. h4 {[%emt 0:00:38]} g6 {[%emt 0:05:45]} 41. f5 {[%emt 0:00:52]} exf5 {[%emt 0:02:56]} 42. gxf5 {[%emt 0:00:09]} gxf5 {[%emt 0:00:05]} 43. Kf2 {[%emt 0:00:05]} Bc6 {[%emt 0:00:30]} 44. Bxh6 {[%emt 0:00:39]} Ke6 {[%emt 0:00:03]} 45. Bf4 {[%emt 0:00:15]} Be8 {[%emt 0:00:01]} 46. Ke3 {[%emt 0:00:17]} Kd5 {[%emt 0:00:09]} 47. Kd3 {[%emt 0:00:37]} b5 {[%emt 0:01:47] Kd4+ Kxe5+} 0-1

[Event "25th Abu Dhabi Master 2018"]
[Site "Abu Dhabi"]
[Date "2018.08.08"]
[Round "2"]
[White "Samant, Aditya S"]
[Black "Aliyev, Ravan"]
[Result "1/2-1/2"]
[WhiteElo "2217"]
[BlackElo "2346"]
[Annotator "NA"]
[PlyCount "154"]
[EventDate "2018.08.05"]
[EventType "swiss"]
[EventCountry "UAE"]
[SourceTitle "playchess.com"]
[Source "ChessBase"]
[SourceQuality "1"]
[TimeControl "5400+30"]

1. e4 {[%emt 0:00:00]} e5 {[%emt 0:00:00]} 2. Nf3 {[%emt 0:00:00]} Nc6 {[%emt 0:00:00]} 3. Bb5 {[%emt 0:00:04]} a6 {[%emt 0:00:00]} 4. Ba4 {[%emt 0:00:10]} Nf6 {[%emt 0:00:00]} 5. O-O {[%emt 0:00:08]} Be7 {[%emt 0:00:07]} 6. Re1 {[%emt 0:00:20]} b5 {[%emt 0:00:06]} 7. Bb3 {[%emt 0:00:05]} d6 {[%emt 0:00:08]} 8. c3 {[%emt 0:00:06]} O-O {[%emt 0:00:06]} 9. h3 {[%emt 0:00:06]} Nb8 {[%emt 0:00:07]} 10. d4 {[%emt 0:00:28]} Nbd7 {[%emt 0:00:07]} 11. Nbd2 {[%emt 0:00:15]} Bb7 {[%emt 0:00:11]} 12. Bc2 {[%emt 0:00:13]} Re8 {[%emt 0:00:14]} 13. Nf1 {[%emt 0:02:55]} Bf8 {[%emt 0:00:25]} 14. Ng3 {[%emt 0:00:21]} g6 {[%emt 0:00:57]} 15. a4 {[%emt 0:01:44]} Bg7 {[%emt 0:00:40]} 16. b3 {[%emt 0:08:56]} d5 {[%emt 0:02:18]} 17. dxe5 {[%emt 0:13:45]} Nxe4 {[%emt 0:02:50]} 18. Nxe4 {[%emt 0:00:20]} dxe4 {[%emt 0:00:16]} 19. Bg5 {[%emt 0:00:25]} f6 {[%emt 0:17:09]} 20. exf6 {[%emt 0:07:50]} Nxf6 {[%emt 0:00:30]} 21. Nd2 {[%emt 0:09:27]} e3 {[%emt 0:24:38]} 22. Bxe3 {[%emt 0:02:33]} Nd5 {[%emt 0:00:45]} 23. Ne4 {[%emt 0:06:11]} Nxc3 {[%emt 0:02:48]} 24. Qxd8 {[%emt 0:00:58]} Rexd8 {[%emt 0:04:29]} 25. Nc5 {[%emt 0:03:39]} Bd5 {[%emt 0:00:15]} 26. Rac1 {[%emt 0:05:11]} Re8 {[%emt 0:02:52]} 27. Bd3 {[%emt 0:03:41]} Na2 {[%emt 0:08:55]} 28. Rcd1 {[%emt 0:01:28]} Nc3 {[%emt 0:07:04]} 29. Rc1 {[%emt 0:04:00]} Na2 {[%emt 0:15:56]} 30. Rcd1 {[%emt 0:00:36]} bxa4 {[%emt 0:00:31]} 31. bxa4 {[%emt 0:01:34]} Nc3 {[%emt 0:03:02]} 32. Rc1 {[%emt 0:02:36]} a5 {[%emt 0:00:22]} 33. Na6 {[%emt 0:08:45]} Rac8 {[%emt 0:05:33]} 34. Bd2 {[%emt 0:02:20]} Rxe1+ {[%emt 0:00:07]} 35. Bxe1 {[%emt 0:00:17]} Nxa4 {[%emt 0:01:29]} 36. Rxc7 {[%emt 0:02:44]} Rxc7 {[%emt 0:01:38]} 37. Nxc7 {[%emt 0:00:38]} Nb2 {[%emt 0:00:42]} 38. Nxd5 {[%emt 0:00:58]} Nxd3 {[%emt 0:00:01]} 39. Bxa5 {[%emt 0:00:09]} Bd4 {[%emt 0:00:04]} 40. Bb6 {[%emt 0:00:07]} Bxb6 {[%emt 0:00:16]} 41. Nxb6 {[%emt 0:00:12]} Kf7 {[%emt 0:00:15]} 42. g3 {[%emt 0:01:16]} Ke6 {[%emt 0:00:29]} 43. Nc4 {[%emt 0:00:45]} Kd5 {[%emt 0:00:57]} 44. Nd2 {[%emt 0:00:26]} Ke5 {[%emt 0:00:25]} 45. Kf1 {[%emt 0:00:40]} Kf5 {[%emt 0:00:59]} 46. Ke2 {[%emt 0:00:06]} Nc5 {[%emt 0:00:21]} 47. Ke3 {[%emt 0:00:27]} h5 {[%emt 0:01:06]} 48. Nf3 {[%emt 0:00:52]} Kf6 {[%emt 0:00:51]} 49. Ne1 {[%emt 0:01:07]} Kf5 {[%emt 0:00:24]} 50. Nd3 {[%emt 0:00:18]} Ne6 {[%emt 0:00:24]} 51. Nb4 {[%emt 0:00:57]} Ng5 {[%emt 0:00:45]} 52. h4 {[%emt 0:00:10]} Ne6 {[%emt 0:00:19]} 53. Nc6 {[%emt 0:00:06]} Nc5 {[%emt 0:00:38]} 54. f3 {[%emt 0:00:28]} Kf6 {[%emt 0:00:36]} 55. Nb4 {[%emt 0:01:21]} Kf5 {[%emt 0:00:25]} 56. Nd5 {[%emt 0:00:10]} Ke5 {[%emt 0:00:41]} 57. Nc3 {[%emt 0:00:06]} Kf5 {[%emt 0:00:22]} 58. Ne4 {[%emt 0:00:46]} Ne6 {[%emt 0:00:10]} 59. Nf2 {[%emt 0:00:05]} Nc5 {[%emt 0:00:26]} 60. g4+ {[%emt 0:00:23]} hxg4 {[%emt 0:00:07]} 61. fxg4+ {[%emt 0:00:04]} Ke5 {[%emt 0:00:38]} 62. Nh3 {[%emt 0:00:24]} Ne6 {[%emt 0:00:11]} 63. Ng1 {[%emt 0:00:34]} Nc5 {[%emt 0:00:30]} 64. Nf3+ {[%emt 0:00:05]} Kf6 {[%emt 0:00:05]} 65. Nd2 {[%emt 0:00:54]} Ke5 {[%emt 0:00:21]} 66. Nc4+ {[%emt 0:00:10]} Kf6 {[%emt 0:00:21]} 67. Kf3 {[%emt 0:00:13]} Nd3 {[%emt 0:00:57]} 68. g5+ {[%emt 0:00:08]} Ke6 {[%emt 0:00:31]} 69. Kg4 {[%emt 0:00:19]} Nf2+ {[%emt 0:00:20]} 70. Kg3 {[%emt 0:00:06]} Nd3 {[%emt 0:00:12]} 71. Ne3 {[%emt 0:00:36]} Ne5 {[%emt 0:01:33]} 72. Kf4 {[%emt 0:00:20]} Nd3+ {[%emt 0:00:09]} 73. Ke4 {[%emt 0:00:05]} Nc5+ {[%emt 0:00:14]} 74. Kd4 {[%emt 0:00:14]} Nb3+ {[%emt 0:00:27]} 75. Kc3 {[%emt 0:00:19]} Nc5 {[%emt 0:00:05]} 76. Kc4 {[%emt 0:00:03]} Ne4 {[%emt 0:00:23]} 77. Kd4 {[%emt 0:00:19]} Nd2 {[%emt 0:00:32]} 1/2-1/2

[Event "25th Abu Dhabi Master 2018"]
[Site "Abu Dhabi"]
[Date "2018.08.08"]
[Round "2"]
[White "Rakshitta, Ravi"]
[Black "Erigaisi, Arjun"]
[Result "0-1"]
[WhiteElo "2198"]
[BlackElo "2517"]
[Annotator "TA"]
[PlyCount "72"]
[EventDate "2018.08.05"]
[EventType "swiss"]
[EventCountry "UAE"]
[SourceTitle "playchess.com"]
[Source "ChessBase"]
[SourceQuality "1"]

{[%evp 21,72,48,37,0,0,0,0,0,18,-39,-15,-11,23,24,24,16,16,20,19,23,89,81,99,52,39,14,19,0,0,-200,-188,-197,-185,-194,-166,-262,-258,-243,-227,-301,-287,-500,-486,-468,-284,-525,-285,-597,-283,-555,-261,-29998,-29999]} 1. e4 c5 2. Nc3 e6 3. Nf3 a6 4. g3 d6 5. Bg2 Nc6 6. d4 cxd4 7. Nxd4 Qc7 8. O-O Nf6 9. Re1 Be7 10. Nxc6 {B80: Sicilian Scheveningen: 6 g3 and 6 Be3, including English Attack} bxc6 11. e5 dxe5 {LiveBook: 140 Games} 12. Qe2 $146 {White is slightly better.} (12. Rxe5 {seems wilder.} O-O 13. Re1 Bb7 14. Bf4 Qa5 15. Qe2) ({Predecessor:} 12. Rxe5 Bd6 13. Re1 O-O 14. Bg5 Rb8 15. Qc1 c5 16. Bxf6 gxf6 17. Qh6 f5 18. Qg5+ Kh8 19. Qf6+ Kg8 20. Qg5+ {½-½ (39) Wang,H (2713)-Pascua,H (2431) Hanoi 2018}) 12... Nd7 13. b3 O-O 14. Bb2 Bb7 15. Ne4 (15. Na4 $11) 15... Rfe8 16. Rad1 Nb6 17. Qh5 Nd7 18. Ng5 Bxg5 $1 19. Qxg5 {[%cal Rb2e5]} f6 20. Qd2 Nb6 (20... Rad8 $11 {keeps the balance.}) 21. Qd6 $16 Rac8 22. c4 c5 23. Qxc7 (23. f3 {is interesting.} Re7 24. Bc3 Qxd6 25. Rxd6 Nd7 26. Bh3) 23... Rxc7 24. Bxb7 Rxb7 25. Rd6 $2 {[#]} (25. Ba3 $11 {and White has nothing to worry.}) 25... Nxc4 $1 $19 {[%mdl 512]} 26. bxc4 {aiming for Ba3.} Rxb2 27. Rxa6 {[%mdl 4096] Endgame KRR-KRR} Rd8 28. Rc6 (28. Rxe6 $142 Rdd2 29. Rf1) 28... Rdd2 ({Don't play} 28... Rxa2 29. Rc7 $19) 29. Rf1 Rxa2 30. Rxc5 e4 {Strongly threatening ...e3!} 31. Rc7 $2 {[#]} (31. Rh5) 31... e3 $1 {[%mdl 512]} 32. Rb1 {White threatens Rb8+ and mate.} (32. fxe3 Rg2+) 32... exf2+ 33. Kg2 $2 (33. Kf1 h6 34. Rc1) 33... h5 34. c5 $2 {[#]} (34. Rf1) 34... e5 (34... f1=R+ $142 $1 35. Kxf1 Rxh2) 35. c6 $2 {[#]} (35. Rf1 {was the only defense.}) 35... Rdc2 (35... f1=N+ $142 $1 36. Kxf1 Rxh2) 36. Rbb7 $2 {[#]} (36. Rf1 $19) 36... f1=Q+ $1 {Precision: White = 23%, Black = 42%.} 0-1